| 000 | 00699nam a2200205Ii 4500 | ||
|---|---|---|---|
| 003 | JO-AjNU | ||
| 008 | 230605s9999||||xx |||||||||||||| ||und|| | ||
| 040 |
_aJO-AjNU _bara _erda _cJO-AjNU |
||
| 041 | _aara | ||
| 050 | 1 | 4 | _aPJ7816.S7.A19 1979 |
| 100 | 3 |
_aبسيسو، معين, _eauthor _919975 |
|
| 245 | 0 | 0 | _aالأعمال المسرحية/ معين بسيسو |
| 250 | _aط1 | ||
| 264 | 3 | 1 | _aبيروت: دار العودة للصحافة والطباعة والنشر، 1979 |
| 300 | _a424ص | ||
| 336 |
_atext _btxt _2rdacontent |
||
| 337 |
_aunmediated _bn _2rdamedia |
||
| 338 |
_avolume _bnc _2rdacarrier |
||
| 650 | 4 |
_aالمسرحيات العربية- لبنان- القرن 20 _919976 |
|
| 999 |
_aA6689 _c10257 _d10257 |
||